Z obávanej väznice sa stal internát s ostnatým drôtom

Bibliographic Details
Main Author: Jesenský, Mikuláš (Author)
Format: Article
Language:Slovak
ISSN:1335-440X
Subjects:

MARC

LEADER 00000nab a2200000 ar4500
001 vtls008963667
003 SK-MaSNL
005 20260303070754.0
008 070413c2007 xo dr|p|||||||000 b|slo
015 |a SNBRB2007/04  |2 snkbucl 
038 |a SNKBUCL 
040 |a SNKBUCL  |b slo  |c SNKBUCL  |e AACR2 
041 |a slo 
044 |a xo  |c SK 
080 |a 343.81  |x (437.6)  |2 2001 
100 1 |a Jesenský, Mikuláš  |4 aut  |9 266855 
245 1 0 |a Z obávanej väznice sa stal internát s ostnatým drôtom  |c Mikuláš Jesenský 
500 |a Od 15.1.2007 návrat k pôvodnému vročeniu 
610 2 7 |a Vojenský nápravný útvar (Sabinov, Slovensko)  |2 snkbucl  |9 1068652 
650 0 7 |a väznice  |2 snkbucl  |9 2643 
650 0 7 |a civilné väznice  |2 snkbucl  |9 1068653 
651 7 |a Sabinov (Slovensko)  |2 snkbucl  |9 29434 
773 0 |t Sme  |g Roč. 15, č. 78 (3.4.2007), s. 5  |x 1335-440X 
852 |a SNK  |b KIS3GCP 
958 |a SK 
999 |c 1756863  |d 1758793